[Event "Women's Speed Chess Q1"]
[Site "chess.com INT"]
[Date "2020.06.18"]
[Round "8"]
[White "Padmini, Rout"]
[Black "Solozhenkina, Elizaveta"]
[Result "1-0"]
[WhiteTitle "IM"]
[BlackTitle "WIM"]
[WhiteElo "2370"]
[BlackElo "2301"]
[WhiteFideId "5029295"]
[BlackFideId "34106615"]
[EventDate "2020.06.18"]

1. e4 c5 2. Nf3 d6 3. d4 cxd4 4. Nxd4 Nf6 5. Nc3 a6 6. Be2 e5 7. Nb3 Be7 8. O-O
O-O 9. Qd3 Nc6 10. a3 Re8 11. Rd1 h6 12. Qg3 Kh8 13. Be3 Be6 14. f3 b5 15. Nd5
Bxd5 16. exd5 Na5 17. Nxa5 Qxa5 18. Qh3 Nh7 19. Bd3 Bg5 20. Bf2 Qc7 21. g3 g6
22. Qg2 Bf6 23. h4 Bg7 24. h5 gxh5 25. Qh3 Qe7 26. Qxh5 Qf6 27. Kg2 Kg8 28. Be3
Ng5 29. Rf1 Nh7 30. Bd2 Rac8 31. Rae1 Rc5 32. f4 e4 33. Rxe4 Rxe4 34. Bxe4 Nf8
35. Bc3 Rxc3 36. bxc3 Qxc3 37. Qf3 Qb2 38. Qb3 Qd4 39. Qd3 Qb2 40. Re1 a5 41.
Bf5 b4 42. axb4 axb4 43. Re8 Qf6 44. Bh7+ Kh8 45. Be4 h5 46. Bf3 Qa1 47. Re2 Bd4
48. Bxh5 Qg1+ 49. Kh3 Qh1+ 50. Kg4 Nh7 51. Re8+ Kg7 52. Qxd4+ Nf6+ 53. Qxf6+
Kxf6 54. Rf8 Qd1+ 55. Kh4 Qxd5 56. Rxf7+ Ke6 57. f5+ Ke5 58. f6 Qh1+ 59. Kg5
Qc1+ 60. Kg6 Qxc2+ 61. Kg7 Qf5 62. Bg6 Qg5 63. Re7+ Kd5 64. Re4 1-0

[Event "Women's Speed Chess Q1"]
[Site "chess.com INT"]
[Date "2020.06.18"]
[Round "8"]
[White "Mammadzada, Gunay"]
[Black "Kirchei, Viktoriia"]
[Result "1-0"]
[WhiteTitle "IM"]
[BlackTitle "WFM"]
[WhiteElo "2443"]
[BlackElo "2207"]
[WhiteFideId "13403729"]
[BlackFideId "34133396"]
[EventDate "2020.06.18"]

1. e4 c5 2. Nf3 Nc6 3. d4 cxd4 4. Nxd4 g6 5. c4 Bg7 6. Be3 Nf6 7. Nc3 d6 8. Be2
O-O 9. O-O Bd7 10. Qd2 Nxd4 11. Bxd4 Bc6 12. f3 a5 13. b3 Nd7 14. Be3 Nc5 15.
Rab1 Qd7 16. a3 Qe6 17. b4 axb4 18. axb4 Na4 19. Nd1 Rfc8 20. Bd4 Bd7 21. Ne3
Bxd4 22. Qxd4 Qe5 23. Qxe5 dxe5 24. Rfc1 Be6 25. Nd5 Kf8 26. c5 Bd7 27. Rc2 Bc6
28. Rbc1 Rd8 29. Bc4 Rac8 30. b5 Be8 31. Bf1 e6 32. Nf6 Rd4 33. Nxe8 Kxe8 34.
Kf2 Rb4 35. c6 bxc6 36. Rxc6 Rxc6 37. bxc6 Rb2+ 38. Kg3 Nb6 39. c7 Nc8 40. Rd1
Ke7 41. Rd8 Nb6 42. c8=Q Nxc8 43. Rxc8 Kf6 44. h4 h6 45. Rc5 g5 46. hxg5+ hxg5
47. Bb5 Rb4 48. Bc6 Rb6 49. Ba4 Rb7 50. Ra5 Rc7 51. Kg4 Rb7 52. Ra8 Rc7 53. Rg8
Ra7 54. Be8 Ra2 55. g3 Ra8 56. Bxf7 Ra7 57. Bh5 Rh7 58. Rg6+ Ke7 59. Rxg5 Rh6
60. Rxe5 Kf6 61. Rg5 Rh7 62. e5+ Ke7 63. f4 Rh8 64. Rg6 Rh7 65. Kg5 1-0

[Event "Women's Speed Chess Q1"]
[Site "chess.com INT"]
[Date "2020.06.18"]
[Round "8"]
[White "Gunina, Valentina"]
[Black "Stefanova, Antoaneta"]
[Result "1/2-1/2"]
[WhiteTitle "GM"]
[BlackTitle "GM"]
[WhiteElo "2431"]
[BlackElo "2462"]
[WhiteFideId "4167570"]
[BlackFideId "2902257"]
[EventDate "2020.06.18"]

1. e4 c6 2. Nf3 d5 3. d3 dxe4 4. dxe4 Qxd1+ 5. Kxd1 Bg4 6. Be3 Nd7 7. Nd2 e5 8.
c3 f6 9. h3 Be6 10. Bc4 Kf7 11. Ke2 Bc5 12. Bxe6+ Kxe6 13. Rhd1 Bxe3 14. Kxe3
Nh6 15. Nc4 Nf7 16. Nh4 g6 17. g3 Nb6 18. Na5 Nd6 19. b3 f5 20. exf5+ gxf5 21.
f4 Nd5+ 22. Rxd5 cxd5 23. fxe5 Kxe5 24. Rd1 Rhg8 25. Nf3+ Ke6 26. Kf4 Rac8 27.
c4 dxc4 28. bxc4 b6 29. Nd4+ Kf6 30. Nac6 Nxc4 31. g4 fxg4 32. hxg4 a5 33. Rf1
Rge8 34. Kg3+ Kg6 35. Rf5 Re3+ 36. Kh4 Re1 37. Rg5+ Kf7 38. Rf5+ Ke8 39. Rg5 Kf7
40. Rf5+ Kg7 41. Rd5 Rh1+ 42. Kg3 Rf8 43. Nf5+ Kh8 44. Rd7 Rf1 45. Nd8 R1xf5 46.
gxf5 Ne5 47. Rd5 Nc4 48. Ne6 Rg8+ 49. Kf4 b5 50. f6 Nb6 51. Rxb5 Nd7 52. f7 Rc8
53. Rxa5 Nf8 54. Nxf8 Rxf8 55. Ra7 Kg7 56. a4 Rb8 57. a5 Rb1 58. a6 Ra1 59. Ke5
h5 60. Kf4 h4 61. Kg4 Ra4+ 62. Kh3 Kf8 63. Kh2 Kg7 64. Kg2 Kf8 65. Kh3 Kg7 66.
Kh2 Kf8 67. Kg2 Kg7 68. Kh3 Kf8 69. Kh2 Kg7 70. Kh3 1/2-1/2

[Event "Women's Speed Chess Q1"]
[Site "chess.com INT"]
[Date "2020.06.18"]
[Round "8"]
[White "Cramling, Pia"]
[Black "Mukhina, Jana"]
[Result "1-0"]
[WhiteTitle "GM"]
[BlackTitle "WFM"]
[WhiteElo "2464"]
[BlackElo "2068"]
[WhiteFideId "1700030"]
[BlackFideId "34115428"]
[EventDate "2020.06.18"]

1. Nf3 Nf6 2. c4 g6 3. Nc3 Bg7 4. e4 d6 5. d4 O-O 6. h3 e5 7. d5 Nh5 8. g3 Na6
9. Be3 b6 10. Nd2 Nc5 11. b4 Nd7 12. Be2 Ndf6 13. c5 a5 14. a3 axb4 15. axb4
Rxa1 16. Qxa1 bxc5 17. bxc5 Bd7 18. c6 Bc8 19. Nc4 Ne8 20. Bxh5 gxh5 21. Nd2 f5
22. exf5 Bxf5 23. Nde4 Nf6 24. Qa4 Qa8 25. Qxa8 Rxa8 26. Nxf6+ Bxf6 27. Kd2 e4
28. Rb1 Bd8 29. h4 Kf7 30. Rb2 Ke8 31. Nb5 Ra5 32. Bd4 Bc8 33. Bc3 Ra8 34. Ke3
Ba6 35. Nd4 Bc4 36. Kxe4 Bf6 37. Rb4 Bxd4 38. Bxd4 Ba2 39. Rb7 Ra5 40. Rxc7
Bxd5+ 41. Kf4 Ra4 42. Ke3 Rc4 43. Rxh7 Bxc6 44. Rxh5 d5 45. Rh7 Bb5 46. h5 Ra4
47. h6 Kf8 48. Rb7 Kg8 49. Rxb5 Ra3+ 50. Kf4 Kh7 51. Kg5 Rd3 52. Rb7+ Kg8 53.
Bf6 Rf3 54. h7+ Kf8 55. h8=Q# 1-0

[Event "Women's Speed Chess Q1"]
[Site "chess.com INT"]
[Date "2020.06.18"]
[Round "8"]
[White "Ovezdurdiyeva, Jemal"]
[Black "Injac, Teodora"]
[Result "0-1"]
[WhiteTitle "WFM"]
[BlackTitle "WIM"]
[WhiteElo "2061"]
[BlackElo "2286"]
[WhiteFideId "14001888"]
[BlackFideId "932400"]
[EventDate "2020.06.18"]

1. d4 Nf6 2. c4 g6 3. Nc3 Bg7 4. Nf3 d6 5. e4 O-O 6. Be2 e5 7. O-O Nbd7 8. dxe5
dxe5 9. Qc2 c6 10. b4 a5 11. b5 Qe7 12. a4 Nc5 13. Ba3 Bg4 14. Ne1 Be6 15. Nd3
Nfd7 16. Nb1 Rfd8 17. Nd2 Bf8 18. Nb3 b6 19. bxc6 Nb8 20. Nbxc5 bxc5 21. Nxe5
Qc7 22. f4 Bg7 23. Bb2 Nxc6 24. Nxc6 Qxc6 25. f5 Bxb2 26. Qxb2 Bd7 27. Bf3 Rab8
28. Qc3 Qb6 29. fxg6 hxg6 30. e5 Bf5 31. Bd5 Qb2 32. Qg3 Qd4+ 33. Kh1 Kf8 34.
Rad1 Qc3 35. Qxc3 Rb4 36. h3 Rdb8 37. Bc6 Rb3 38. Bb5 Rxc3 39. g4 Be6 40. Rf4
Ke7 41. Kg2 Ra3 42. Rdf1 Ra2+ 43. Kg3 Rb2 44. R1f3 Rb4 45. Re4 Rh8 46. Ree3 Rb1
47. Rd3 Rh1 48. Kg2 Rb1 49. Rf2 Rb4 50. Rfd2 Bxc4 51. Rd7+ Ke6 52. R2d6+ Kxe5
53. Rc6 Rb2+ 54. Kg1 Bxb5 55. axb5 Rxb5 56. Rxf7 Kd5 57. Rxg6 Rxh3 0-1

[Event "Women's Speed Chess Q1"]
[Site "chess.com INT"]
[Date "2020.06.18"]
[Round "8"]
[White "Munoz Monroy, Cinthya Carolina"]
[Black "Bogumil, Tatiana"]
[Result "0-1"]
[WhiteTitle "WFM"]
[BlackTitle "WGM"]
[WhiteElo "2007"]
[BlackElo "2182"]
[WhiteFideId "4407482"]
[BlackFideId "4110579"]
[EventDate "2020.06.18"]

1. e4 e6 2. d4 d5 3. e5 c5 4. c3 Nc6 5. Nf3 Qb6 6. Bd3 Bd7 7. dxc5 Bxc5 8. O-O
a5 9. Qe2 Nge7 10. Nbd2 a4 11. b4 axb3 12. Nxb3 Na5 13. Nxc5 Qxc5 14. Be3 Qxc3
15. Rfc1 Qb4 16. Bc5 Qg4 17. Bb5 Nac6 18. Rab1 Rc8 19. h3 Qh5 20. Bxe7 Kxe7 21.
Qd3 Rhd8 22. Qa3+ Ke8 23. Qd6 g5 24. Ba4 g4 25. hxg4 Qxg4 26. Qa3 Ra8 27. Rxb7
Qxa4 28. Qd3 Qe4 29. Qb3 Nxe5 30. Ng5 Qg6 31. f4 Nc4 32. Qh3 h6 33. Nf3 Rxa2 34.
Re1 Nd6 35. Nd4 Nxb7 36. f5 Qxg2+ 37. Qxg2 Rxg2+ 38. Kxg2 Nc5 39. Kf3 Ne4 40.
fxe6 fxe6 41. Rh1 Ke7 42. Rxh6 Rf8+ 43. Ke3 Kd6 44. Kd3 Kc5 45. Rxe6 Ra8 46. Re7
Ra3+ 47. Ke2 Kd6 48. Rh7 Bg4+ 49. Ke1 Ke5 50. Nc2 Ra2 51. Rh6 Kf4 52. Rh2 d4 53.
Kf1 d3 54. Ne1 Rxh2 55. Nxd3+ Ke3 56. Ne5 Bh3+ 57. Kg1 Rg2+ 58. Kf1 Ng3+ 59. Ke1
Rg1# 0-1

[Event "Women's Speed Chess Q1"]
[Site "chess.com INT"]
[Date "2020.06.18"]
[Round "8"]
[White "Bartel, Marta"]
[Black "Khomeriki, Nino"]
[Result "1/2-1/2"]
[WhiteTitle "WGM"]
[BlackTitle "WGM"]
[WhiteElo "2192"]
[BlackElo "2319"]
[WhiteFideId "1123009"]
[BlackFideId "13603191"]
[EventDate "2020.06.18"]

1. d4 Nf6 2. c4 e6 3. Nf3 d5 4. Nc3 dxc4 5. e3 a6 6. Bxc4 b5 7. Bd3 Bb7 8. O-O
Nbd7 9. b3 c5 10. Bb2 Bd6 11. Qe2 O-O 12. Rfd1 Qb8 13. h3 Rd8 14. Rac1 h6 15.
Bb1 cxd4 16. Nxd4 Nb6 17. a3 Bh2+ 18. Kf1 Be5 19. Nf3 Bd6 20. Rd2 b4 21. axb4
Bxb4 22. Rcd1 Rxd2 23. Qxd2 Bxf3 24. gxf3 Qh2 25. Qd3 Qxh3+ 26. Ke2 Be7 27. Ne4
Nbd5 28. Nxf6+ Bxf6 29. Qh7+ Kf8 30. Qh8+ Ke7 31. Qxa8 Bxb2 32. Qb7+ Kf6 33.
Rxd5 exd5 34. Qxd5 g6 35. Qc6+ Qe6 36. Qc2 Be5 37. Qd3 Kg7 38. Bc2 h5 39. Qc4
Qd6 40. Bd3 a5 41. Qe4 Bf6 42. Bc4 Qd7 43. Qd5 Qc7 44. f4 h4 45. Kf3 Qe7 46. Kg2
Qc7 47. Kf3 Qe7 48. Kg2 Qc7 49. Kh2 Qe7 50. Kh3 Qc7 51. Qe4 Qd7+ 52. Kh2 Qg4 53.
Qd5 Qe6 54. Qxe6 fxe6 55. Bxe6 Be7 56. Kh3 Kf6 57. Bc4 g5 58. fxg5+ Kxg5 59. Bd3
Kh5 60. f3 Bc5 61. e4 Kg5 62. e5 Bf2 63. e6 Kf6 64. Bc4 Bg3 65. Kg4 Ke7 66. f4
Kf6 67. f5 Be1 68. Kh3 Bg3 69. Kg4 Be1 70. Kh3 Bg3 71. Bd5 Be1 72. Bc4 1/2-1/2

[Event "Women's Speed Chess Q1"]
[Site "chess.com INT"]
[Date "2020.06.18"]
[Round "8"]
[White "Burtasova, Anna"]
[Black "Munkhzul, Davaakhuu"]
[Result "1-0"]
[WhiteTitle "WGM"]
[BlackTitle "WFM"]
[WhiteElo "2261"]
[BlackElo "1991"]
[WhiteFideId "4150740"]
[BlackFideId "4902815"]
[EventDate "2020.06.18"]

1. e4 e5 2. Bc4 Nf6 3. d3 c6 4. Nf3 d6 5. O-O Be7 6. Bb3 O-O 7. c3 Nbd7 8. Nbd2
Qc7 9. Re1 a5 10. Nf1 Re8 11. Ng3 Nf8 12. d4 Be6 13. d5 cxd5 14. exd5 Bd7 15.
Bc2 Qc5 16. Ne4 Nxe4 17. Bxe4 f5 18. Bc2 Ng6 19. Be3 Qc7 20. Rc1 Rf8 21. c4 e4
22. Nd4 Ne5 23. b3 f4 24. Bd2 Bg4 25. f3 exf3 26. Nxf3 Nxf3+ 27. gxf3 Bh3 28.
Bc3 Bh4 29. Qd3 Bf5 30. Re4 Bf6 31. Bxf6 Rxf6 32. Kh1 Bxe4 33. Qxe4 g6 34. Re1
Qd7 35. Qd4 Rf7 36. Re6 Re8 37. Qe4 Rfe7 38. Qxf4 Rxe6 39. dxe6 Rxe6 40. Be4 Re5
41. Qf6 Qh3 42. Kg1 Qh5 43. Qd8+ Kf7 44. Qd7+ Re7 45. Qxd6 Qg5+ 46. Kf2 Qh4+ 47.
Ke3 Qg5+ 48. Kf2 Qf6 49. Bd5+ Kg7 50. Qc5 Qb2+ 51. Kg3 Qe5+ 52. Kg2 Qe2+ 53. Kg3
Qe1+ 54. Qf2 Qxf2+ 55. Kxf2 Kf6 56. Kg3 b6 57. Bc6 Re2 58. a4 Rb2 59. c5 bxc5
60. Bd5 Ke5 61. Bg8 h6 62. h4 g5 63. hxg5 hxg5 64. Kg4 Rg2+ 65. Kh3 Kd4 66. Kxg2
Kc3 67. Bc4 Kb4 68. Kg3 Kc3 69. Kg4 Kd4 70. Kxg5 Kc3 71. f4 Kb4 72. f5 Kc3 73.
f6 Kb4 74. f7 Ka3 75. f8=Q Kb4 76. Qb8+ Kc3 77. Qb5 Kd4 78. Qxa5 Ke4 79. Qb5 Kd4
80. a5 1-0

[Event "Women's Speed Chess Q1"]
[Site "chess.com INT"]
[Date "2020.06.18"]
[Round "8"]
[White "Tsukerman, Julia"]
[Black "Kazarian, Anna-Maja"]
[Result "1/2-1/2"]
[WhiteTitle "WCM"]
[BlackTitle "FM"]
[WhiteElo "1523"]
[BlackElo "2096"]
[WhiteFideId "2621649"]
[BlackFideId "1033689"]
[EventDate "2020.06.18"]

1. e4 e6 2. d4 d5 3. exd5 exd5 4. Bd3 Nf6 5. h3 Bd6 6. Nf3 O-O 7. O-O c6 8. Bg5
h6 9. Bh4 Nbd7 10. Nbd2 Qc7 11. Re1 Re8 12. c3 Rxe1+ 13. Qxe1 g5 14. Bg3 Bxg3
15. fxg3 Qd6 16. Ne5 c5 17. Ndf3 Nf8 18. dxc5 Qxc5+ 19. Kh2 Be6 20. Nd4 Re8 21.
Qf2 Ne4 22. Qf3 Qc7 23. Ng4 Bxg4 24. Qxg4 Ng6 25. Nf5 Qe5 26. Nxh6+ Kf8 27. Rf1
Re7 28. Nf5 Rc7 29. Nd4 Kg8 30. Rf5 Qe7 31. Rxd5 Nf6 32. Qxg5 Nxd5 33. Qxd5 Rd7
34. Qh5 Qf6 35. Qb5 Re7 36. Nf5 Re1 37. Qxb7 Ne7 38. Qb8+ Kh7 39. Qf4 Nxf5 40.
Bxf5+ Kg7 41. Qg4+ Kf8 42. Qb4+ Qe7 43. Qb8+ Kg7 44. Qf4 Qe3 45. Qxe3 Rxe3 46.
c4 Re2 47. c5 Re5 48. Bd3 Rxc5 49. b4 Rc3 50. Ba6 Ra3 51. Bc4 Ra4 52. Bd5 Rxb4
53. Bb3 a5 54. h4 a4 55. Bd5 Rb2 56. g4 Kf6 57. Kh3 Rd2 58. Bc4 a3 59. Bb3 Ke5
60. g3 f6 61. h5 Ke4 62. h6 Rd8 63. Kh4 Rh8 64. Kh5 Kf3 65. Kg6 Kxg4 66. h7 Kxg3
67. Kg7 Rxh7+ 68. Kxh7 f5 69. Kg6 f4 70. Kf5 f3 71. Ke4 f2 72. Bc4 Kg2 73. Kd4
f1=Q 74. Bxf1+ Kxf1 75. Kc3 Ke2 76. Kb3 Kd3 77. Kxa3 Kc4 78. Ka4 Kc5 79. Ka5 Kc6
80. Ka6 Kc7 81. Ka7 Kc8 82. a4 Kc7 83. a5 Kc8 84. a6 Kc7 85. Ka8 Kc8 86. a7 Kc7 1/2-1/2

[Event "Women's Speed Chess Q1"]
[Site "chess.com INT"]
[Date "2020.06.18"]
[Round "8"]
[White "Chitlange, Sakshi"]
[Black "Artemyeva, Olga"]
[Result "1/2-1/2"]
[WhiteTitle "WIM"]
[BlackTitle "WFM"]
[WhiteElo "2167"]
[BlackElo "2069"]
[WhiteFideId "35002899"]
[BlackFideId "4138422"]
[EventDate "2020.06.18"]

1. d4 d5 2. c4 c6 3. Nf3 Nf6 4. Nc3 Bf5 5. cxd5 Nxd5 6. Qb3 Nb6 7. e4 Bg4 8. Ne5
Bh5 9. Be3 e6 10. g4 Bg6 11. f4 Qd6 12. O-O-O f6 13. Nxg6 hxg6 14. e5 Qe7 15.
exf6 gxf6 16. Bd3 Qf7 17. Rde1 N8d7 18. Bf2 O-O-O 19. Qxe6 Qxe6 20. Rxe6 Bh6 21.
Bg3 Rhg8 22. Rhe1 Na8 23. Kc2 Nc7 24. Re7 Nb6 25. f5 Ncd5 26. Nxd5 Nxd5 27. Rh7
Rh8 28. Rxh8 Rxh8 29. fxg6 Nb4+ 30. Kc3 Nxa2+ 31. Kb3 Nc1+ 32. Kc2 Nxd3 33. Kxd3
Rg8 34. Re7 Rxg6 35. Rc7+ Kd8 36. Rxb7 Rxg4 37. Rxa7 f5 38. Rh7 Bg7 39. Be5 Bxe5
40. dxe5 Re4 41. Rh6 Kd7 42. Rd6+ Kc7 43. Re6 Kd7 44. Rd6+ Kc7 45. h4 Rxh4 46.
Rf6 Rf4 47. Ke3 Re4+ 48. Kf3 Rxe5 49. Kf4 Rd5 50. Rxf5 Kd6 51. Rf6+ Kc5 52. Ke3
Re5+ 53. Kd2 Rd5+ 54. Kc3 Kb5 55. Rh6 Rc5+ 56. Kb3 Rd5 57. Rh8 Rd3+ 58. Kc2 Rd5
59. Rb8+ Kc5 60. Ra8 Kb5 61. Rf8 Rc5+ 62. Kb3 Rd5 63. Re8 Rd3+ 64. Kc2 Rd5 65.
Re1 Rc5+ 66. Kb3 Rd5 67. Ra1 1/2-1/2

[Event "Women's Speed Chess Q1"]
[Site "chess.com INT"]
[Date "2020.06.18"]
[Round "8"]
[White "Afonasieva, Anna"]
[Black "Tomilova, Elena"]
[Result "0-1"]
[WhiteTitle "WIM"]
[BlackTitle "WGM"]
[WhiteElo "2274"]
[BlackElo "2353"]
[WhiteFideId "24173606"]
[BlackFideId "4162340"]
[EventDate "2020.06.18"]

1. d4 Nf6 2. Bf4 b6 3. e3 Bb7 4. Nf3 e6 5. Bd3 c5 6. c3 Be7 7. Nbd2 d5 8. h3 O-O
9. Qe2 Ne4 10. Rd1 f5 11. Ne5 Nxd2 12. Rxd2 c4 13. Bb1 Nd7 14. g4 Nxe5 15. Bxe5
Bf6 16. gxf5 Bxe5 17. dxe5 exf5 18. Rg1 Qh4 19. Qf3 Rae8 20. Bxf5 Rxe5 21. Qg2
Rxe3+ 22. Kd1 Re7 23. Be6+ Kh8 24. Bxd5 Bxd5 25. Rxd5 h6 26. f3 Qf4 27. Rd4
Qxf3+ 28. Qxf3 Rxf3 29. h4 Rf2 30. Rxc4 Rxb2 31. Kc1 Rxa2 32. Kb1 Ree2 33. Rc8+
Kh7 34. Rc7 Reb2+ 35. Kc1 Rc2+ 36. Kb1 Rcb2+ 37. Kc1 Rg2 38. Rxg2 Rxg2 39. Rxa7
Rg4 40. Rb7 Rxh4 41. Rxb6 Rc4 42. Kd2 h5 43. Kd3 Rc8 44. c4 h4 45. Kd4 g5 46. c5
h3 47. c6 Kg6 48. Rb2 Rxc6 49. Ke3 g4 50. Kf4 Rc4+ 51. Kg3 Re4 52. Rb6+ Kf5 53.
Rb5+ Re5 54. Rb2 Re3+ 55. Kh2 Kf4 56. Rf2+ Ke4 57. Ra2 Kf3 58. Ra8 Re2+ 59. Kh1
Kg3 60. Ra3+ Kh4 61. Ra1 Rd2 62. Rb1 g3 63. Rb4+ Kg5 64. Rb5+ Kf4 65. Rb4+ Kf3
66. Rb3+ Kf2 67. Rb1 Re2 68. Rf1+ Ke3 69. Rb1 Kd2 70. Rb2+ Ke1 71. Rb1+ Kf2 72.
Rf1+ Ke3 73. Rb1 Rd2 74. Re1+ Kf2 75. Rf1+ Ke2 76. Kg1 Rd1 77. Rxd1 Kxd1 78. Kh1
Ke2 79. Kg1 Kf3 80. Kh1 Kg4 81. Kg1 g2 82. Kh2 Kf3 83. Kg1 Ke3 84. Kh2 Kf2 85.
Kxh3 g1=Q 0-1

[Event "Women's Speed Chess Q1"]
[Site "chess.com INT"]
[Date "2020.06.18"]
[Round "8"]
[White "Dzagnidze, Nana"]
[Black "Salimova, Nurgyul"]
[Result "1-0"]
[WhiteTitle "GM"]
[BlackTitle "IM"]
[WhiteElo "2524"]
[BlackElo "2372"]
[WhiteFideId "13601903"]
[BlackFideId "2915138"]
[EventDate "2020.06.18"]

1. d4 Nf6 2. c4 e6 3. Nf3 d5 4. Nc3 c6 5. e3 Nbd7 6. Qc2 Bd6 7. b3 O-O 8. Bd3
Qe7 9. O-O e5 10. cxd5 cxd5 11. e4 exd4 12. Nxd5 Nxd5 13. exd5 Nf6 14. Bg5 h6
15. Rfe1 Qd8 16. Bxf6 Qxf6 17. Re4 Bf5 18. Rh4 Rac8 19. Qd2 Bxd3 20. Qxd3 Bb4
21. Rd1 Bc3 22. Rh5 Rfd8 23. h3 g6 24. Rxh6 Rxd5 25. Rh4 Rd6 26. Re4 Rcd8 27.
Nd2 Bxd2 28. Rxd2 Rd5 29. Rde2 Kg7 30. h4 Rc5 31. Rd2 Rc3 32. Qe2 Rc1+ 33. Kh2
Rc5 34. g3 Rcd5 35. Rf4 Qd6 36. Qd3 Qe5 37. Qf3 Qe6 38. Rd3 R5d6 39. a4 R6d7 40.
Qg2 Qa6 41. Qf3 Qe6 42. Re4 Qd5 43. Qe2 Qc5 44. Qb2 Rd6 45. Rf4 R6d7 46. Qd2 Qe5
47. Qd1 Rd5 48. Qf3 Qe6 49. Rg4 Rf5 50. Rf4 Rxf4 51. Qxf4 Qd5 52. Qg4 Qe5 53.
Qf3 Qd5 54. Kg2 Qxf3+ 55. Kxf3 Kf6 56. Ke4 Re8+ 57. Kxd4 Re2 58. Rf3+ Kg7 59.
Kc4 Rc2+ 60. Kb4 Rc6 61. Rf4 Re6 62. Kc5 Rb6 63. b4 Re6 64. a5 Re2 65. Kd6 Rc2
66. Kd7 a6 67. Kd6 Rc3 68. g4 Rc2 69. g5 Rc3 70. Kd7 Rc2 71. Ke7 Re2+ 72. Kd8
Rc2 73. Rf6 Rc4 74. Rb6 Rxh4 75. Rxb7 Rf4 76. Kc8 Rxf2 77. b5 axb5 78. a6 Ra2
79. a7 b4 80. Kb8 b3 81. a8=Q Ra5 82. Qxa5 1-0

[Event "Women's Speed Chess Q1"]
[Site "chess.com INT"]
[Date "2020.06.18"]
[Round "8"]
[White "Zvereva, Margarita"]
[Black "Franco Valencia, Angela"]
[Result "1/2-1/2"]
[WhiteTitle "WFM"]
[BlackTitle "WIM"]
[WhiteElo "1929"]
[BlackElo "2089"]
[WhiteFideId "34177741"]
[BlackFideId "4403070"]
[EventDate "2020.06.18"]

1. d4 Nf6 2. Nf3 c5 3. e3 e6 4. Bd3 b6 5. O-O Bb7 6. c4 Be7 7. Nc3 O-O 8. d5 d6
9. e4 exd5 10. exd5 Re8 11. Re1 Nbd7 12. h3 a6 13. Bf4 Bf8 14. Qc2 Qc7 15. Ng5
g6 16. Nge4 b5 17. Nxf6+ Nxf6 18. cxb5 Nxd5 19. Nxd5 Bxd5 20. bxa6 Qc6 21. f3 c4
22. Be4 Bxe4 23. Rxe4 Rxe4 24. fxe4 Qxa6 25. a3 Bg7 26. Rd1 Qb6+ 27. Kh1 Qxb2
28. Qxc4 Qxa3 29. Bxd6 Qb2 30. Rf1 Qa2 31. Qc7 h5 32. e5 Qd5 33. Rb1 Ra2 34. Rg1
Re2 35. Qd8+ Kh7 36. Qe7 Bxe5 37. Bxe5 Rxe5 38. Qf6 Rf5 39. Qe7 Re5 40. Qf6 Re3
41. Kh2 Re2 42. Qf4 Qa2 43. Qf3 Rf2 44. Qg3 Qe2 45. Qc3 Rf5 46. Qb3 h4 47. Qc3
Qf2 48. Qb4 Qg3+ 49. Kh1 Rf4 50. Qe7 g5 51. Qe8 g4 52. hxg4 h3 53. Qc6 Rxg4 54.
Qc2+ Kg7 55. Qb2+ Kh6 56. Qc1+ Rg5 57. Qc6+ Kg7 58. Qc2 hxg2+ 59. Rxg2 Qh3+ 60.
Kg1 Rxg2+ 61. Qxg2+ Qxg2+ 62. Kxg2 Kg6 63. Kf3 Kf5 64. Kg3 Ke4 65. Kf2 f5 66.
Ke2 Kf4 67. Kf2 Kg4 68. Kg2 Kg5 69. Kg3 Kf6 70. Kf4 Ke6 71. Ke3 Ke5 72. Kf3 f4
73. Kf2 Kf5 74. Kf3 Kg5 75. Kg2 Kg4 76. Kf2 f3 77. Kf1 Kf4 78. Kf2 Kg4 79. Kf1
Kh3 80. Kf2 Kg4 1/2-1/2

[Event "Women's Speed Chess Q1"]
[Site "chess.com INT"]
[Date "2020.06.18"]
[Round "9"]
[White "Perez Rodriguez, Jennifer"]
[Black "Zakirova, Aisha"]
[Result "1-0"]
[WhiteTitle "WIM"]
[BlackTitle "WCM"]
[WhiteElo "2251"]
[BlackElo "1585"]
[WhiteFideId "3507831"]
[BlackFideId "13719734"]
[EventDate "2020.06.18"]

1. e4 c5 2. c3 Nf6 3. e5 Nd5 4. d4 cxd4 5. Nf3 d6 6. cxd4 Nc6 7. Bc4 Nb6 8.
Bxf7+ Kxf7 9. e6+ Ke8 10. d5 Nb4 11. Nc3 g6 12. Ng5 Qc7 13. Qf3 Nc2+ 14. Kf1
Qc4+ 15. Kg1 Nxa1 16. Nf7 Rg8 17. Nxd6+ exd6 18. Qf7+ Kd8 19. Bg5+ Be7 20. Qxe7# 1-0

[Event "Women's Speed Chess Q1"]
[Site "chess.com INT"]
[Date "2020.06.18"]
[Round "9"]
[White "Artemyeva, Olga"]
[Black "Karnaukhova, Elmira"]
[Result "0-1"]
[WhiteTitle "WFM"]
[BlackTitle "WGM"]
[WhiteElo "2069"]
[BlackElo "2319"]
[WhiteFideId "4138422"]
[BlackFideId "4148827"]
[EventDate "2020.06.18"]

1. e4 c5 2. Nf3 e6 3. d4 cxd4 4. Nxd4 Nf6 5. Bd3 Nc6 6. Nb3 d5 7. N1d2 Be7 8.
O-O O-O 9. c4 Ne5 10. Qe2 Nxd3 11. Qxd3 dxe4 12. Qe2 b6 13. Nxe4 Bb7 14. Nc3 Qc7
15. Nb5 Qc6 16. N5d4 Qxg2# 0-1

[Event "Women's Speed Chess Q1"]
[Site "chess.com INT"]
[Date "2020.06.18"]
[Round "9"]
[White "Hernandez Bonilla, Amelia"]
[Black "Millard, Charlotte"]
[Result "1-0"]
[WhiteTitle "WFM"]
[BlackTitle "WCM"]
[WhiteElo "2016"]
[BlackElo "1252"]
[WhiteFideId "3900193"]
[BlackFideId "14320363"]
[EventDate "2020.06.18"]

1. e4 e5 2. Nf3 Nc6 3. Bb5 a6 4. Ba4 Bc5 5. c3 b5 6. Bc2 Nf6 7. O-O O-O 8. d4
exd4 9. cxd4 Bb6 10. e5 Ne8 11. Bxh7+ Kxh7 12. Ng5+ Kg6 13. h4 Bxd4 14. h5+ Kh6
15. Ne6+ Kh7 16. Nxd8 Nxd8 17. Qxd4 Ne6 18. Qe4+ Kg8 19. Qxa8 c6 20. Qxc8 N8c7
21. Qxd7 Rd8 22. Qxc6 g6 23. hxg6 fxg6 24. Nc3 Rd4 25. Be3 Rh4 26. Rad1 Kh7 27.
Rd7+ Ng7 28. Qxc7 Rc4 29. Rxg7+ Kh8 30. Rh7+ Kg8 31. Qg7# 1-0

[Event "Women's Speed Chess Q1"]
[Site "chess.com INT"]
[Date "2020.06.18"]
[Round "9"]
[White "Vidruska, Renate"]
[Black "Tarleva, Vira"]
[Result "0-1"]
[WhiteTitle "WFM"]
[BlackTitle "WFM"]
[WhiteElo "2045"]
[BlackElo "2030"]
[WhiteFideId "11601841"]
[BlackFideId "14116693"]
[EventDate "2020.06.18"]

1. e4 c5 2. Nf3 d6 3. d4 cxd4 4. Nxd4 Nf6 5. Nc3 Nc6 6. h3 g6 7. g4 Bg7 8. Nxc6
bxc6 9. Bg2 e5 10. Be3 O-O 11. O-O Be6 12. f4 exf4 13. Bxf4 Qb6+ 14. Kh2 Qxb2
15. Na4 Qb5 16. Nc3 Qc4 17. Qd3 Qxd3 18. cxd3 Nxg4+ 19. hxg4 Bxc3 20. Bxd6 Bxa1
21. Bxf8 Be5+ 0-1

[Event "Women's Speed Chess Q1"]
[Site "chess.com INT"]
[Date "2020.06.18"]
[Round "9"]
[White "Sihite, Chelsie Monica Ignesias"]
[Black "Nandhidhaa, P V"]
[Result "1-0"]
[WhiteTitle "WIM"]
[BlackTitle "WGM"]
[WhiteElo "2252"]
[BlackElo "2365"]
[WhiteFideId "7101198"]
[BlackFideId "5050847"]
[EventDate "2020.06.18"]

1. c4 c5 2. Nc3 b6 3. g3 Bb7 4. Nf3 e6 5. Bg2 Nf6 6. O-O Be7 7. Ne1 Bxg2 8. Nxg2
O-O 9. d4 cxd4 10. Qxd4 d6 11. Bg5 Qc7 12. Nb5 Qc6 13. Rad1 a6 14. Nc3 Nbd7 15.
b3 b5 16. cxb5 axb5 17. Rc1 Qb7 18. Rfd1 d5 19. e4 Bc5 20. Qd3 Ne5 21. Qe2 Nfg4
22. Ne3 Bxe3 1-0

[Event "Women's Speed Chess Q1"]
[Site "chess.com INT"]
[Date "2020.06.18"]
[Round "9"]
[White "Babiy, Olga"]
[Black "Kirchei, Viktoriia"]
[Result "1-0"]
[WhiteTitle "WGM"]
[BlackTitle "WFM"]
[WhiteElo "2228"]
[BlackElo "2207"]
[WhiteFideId "14117258"]
[BlackFideId "34133396"]
[EventDate "2020.06.18"]

1. e4 c5 2. Nf3 Nc6 3. d4 cxd4 4. Nxd4 g6 5. Nc3 Bg7 6. Be3 Nf6 7. Bc4 O-O 8.
Bb3 d6 9. h3 Bd7 10. O-O a6 11. Nf3 b5 12. Re1 Na5 13. Bd4 e5 14. Be3 Nxb3 15.
axb3 b4 16. Nd5 Nxd5 17. Qxd5 Qc7 18. Qd2 Bc6 19. Qxb4 f5 20. Ng5 f4 21. Bb6 Qe7
22. Nf3 Rfb8 23. Qc4+ Kh8 24. Qxc6 Rc8 25. Qd5 Rxc2 26. Qxa8+ 1-0